01578nam a2200361 a 4500001001200000003000800012006001900020007001500039008004100054010001700095020001500112040002100127035002000148050002600168082001900194100001900213245010800232260006400340300001700404504006400421533015200485650007200637650006500709650006100774650005700835651005000892651004600942651004300988655002901031710001701060856012601077999001301203ebr10006818CaPaEBRm u cr cn|||||||||010507s2002 enk sb 001 0 eng  z 2001035688 z0521006643 aCaPaEBRcCaPaEBR a(OCoLC)5128368014aPR438.R45bB37 2001eb04a820.9/38232211 aBarbour, Reid.10aLiterature and religious culture in seventeenth-century Englandh[electronic resource] /cReid Barbour. aCambridge ;aNew York :bCambridge University Press,c2002. aviii, 282 p. aIncludes bibliographical references (p. 251-275) and index. aElectronic reproduction.bPalo Alto, Calif. :cebrary,d2013.nAvailable via World Wide Web.nAccess may be limited to ebrary affiliated libraries. 0aEnglish literatureyEarly modern, 1500-1700xHistory and criticism. 0aChristianity and literaturezEnglandxHistoryy17th century. 0aReligion and literaturezEnglandxHistoryy17th century. 0aProtestantism and literaturexHistoryy17th century. 0aGreat BritainxHistoryyCharles I, 1625-1649. 0aEnglandxIntellectual lifey17th century. 0aEnglandxChurch historyy17th century. 7aElectronic books.2local2 aebrary, Inc.40uhttp://site.ebrary.com/lib/rucke/Doc?id=10006818zAn electronic book accessible through the World Wide Web; click to view c347d347